| 000 | 00796cam a22002653a 4500 | ||
|---|---|---|---|
| 001 | 32897 | ||
| 003 | PGUSA | ||
| 005 | 20140828083718.0 | ||
| 008 | 100619s2010||||xxu|||||s|||||000 1 eng d | ||
| 040 |
_aPGUSA _beng |
||
| 042 | _adc | ||
| 050 | 4 | _aPS | |
| 100 | 1 |
_aChester, George Randolph, _d1869-1924 |
|
| 245 | 1 | 0 |
_aYoung Wallingford _h[electronic resource] / _cGeorge Randolph Chester |
| 260 |
_bProject Gutenberg, _c2010 |
||
| 506 | _aPublic domain in the USA. | ||
| 516 | _aElectronic text | ||
| 653 | _aNew York (N.Y.) -- Fiction | ||
| 653 | _aSwindlers and swindling -- Fiction | ||
| 700 | 1 |
_aRaleigh, Henry, _d1880-1945 |
|
| 700 | 1 |
_aGruger, Frederic Rodrigo, _d1871-1953 |
|
| 830 | 0 |
_aProject Gutenberg _v32897 |
|
| 856 | 4 | 0 | _uhttp://www.gutenberg.org/ebooks/32897 |
| 942 | _cEB | ||
| 999 |
_c262152 _d262152 |
||